zpět

Detail výsledku týmu

Archa, Hranice

Datum a čas kvízu

17 Celkem bodů Celkový počet nahraných bodů na tomto kvízu bez doplňovacích otázek.
10. Pořadí na kvízu Konečné umístění týmu na tomto kvízu.

Zaznamenané odpovědi

# Otázka Odpověď Body Výsledky
1. Kvíz obyčejně otvíráme aktuali... Alice Nellis 0
2. Nestává se moc často, aby „dvo... Princezna zakletá v čase 1
3. Vzpomeňte si na jméno herce, k... Jan Cina 0
4. Jak se ve slovenské distribuci... Princ Mamáčik 0
5. Pohádka Když draka bolí hlava... Karel Gott 0
6. Ze kterého filmu pochází tyto... Hrátky s čertem 0
7. Známá je scéna s rozcestníkem... Půlnoční 0
8. Já jsem tajtrlík? Ty jsi tajtr... křeslem 0
9. Kterého záporáka neopakovateln... krále Kazisvěta 0
10. Hrad Krakovec (na fotce), Adrš... Princ a Večernice 0